|
|
|
|
| LEADER |
01210nam a2200313 a 4500 |
| 001 |
3779 |
| 003 |
BD-DhAAL |
| 005 |
20150525110651.0 |
| 008 |
150525s1987 mauab b 001 0 eng |
| 010 |
|
|
|a 86080501
|
| 020 |
|
|
|a 0669108103
|
| 040 |
|
|
|a DLC
|c DLC
|d DLC
|d BD-DhAAL
|
| 050 |
0 |
0 |
|a E178.1
|b .B15 1987b
|
| 082 |
0 |
0 |
|a 973
|2 19
|
| 100 |
1 |
|
|a Bailey, Thomas Andrew,
|d 1902-1983.
|9 11394
|
| 245 |
1 |
4 |
|a The American pageant :
|b a history of the republic /
|c Thomas A. Bailey, David M. Kennedy.
|
| 250 |
|
|
|a 8th ed.
|
| 260 |
|
|
|a Lexington, Mass. :
|b Heath,
|c c1987.
|
| 300 |
|
|
|a xxii, 949, xxxv p. :
|b ill. (some col.), maps ;
|c 26 cm.
|
| 500 |
|
|
|a Maps on lining papers.
|
| 504 |
|
|
|a Includes bibliographies and index.
|
| 520 |
|
|
|a Traces the history of the United States from the arrival of first Indian people to the present day.
|
| 541 |
|
|
|e 3779
|
| 651 |
|
0 |
|a United States
|x History.
|9 11395
|
| 651 |
|
1 |
|a United States
|x History.
|9 11396
|
| 700 |
1 |
|
|a Kennedy, David M.
|9 11397
|
| 942 |
|
|
|2 ddc
|c BK
|
| 999 |
|
|
|c 34514
|d 34514
|
| 952 |
|
|
|0 0
|1 0
|2 ddc
|4 0
|6 973_000000000000000_BAI
|7 0
|9 53873
|a SCL
|b SCL
|c GEN
|d 2015-05-25
|e Gift: The Asia Foundation
|l 1
|o 973 BAI
|p 3020003779
|r 2021-11-18
|s 2021-11-15
|t 1
|w 2015-05-25
|y BK
|